000 00586nam a2200205Ia 4500
001 9664
003 GE_BSU
008 181216s||||||||xx |||||||||||||| ||und||
040 _cGE_BSU
100 _aმირცხულავა,ალიო
245 _aასი ლექსი
245 _bპოემა
245 _cრედ.ა.ადამია.მხატვ:ლ.გრიგოლია
260 _aთბილისი
260 _bმერანი
260 _c1968
300 _a110გვ.16სმ.
653 _aასი ლექსი
942 _cBK
999 _c42948
_d42948